000 00380cam a2200121 4500500
005 20250921011804.0
041 _afre
042 _adc
100 1 0 _aNachi, Mohamed
_eauthor
245 0 0 _aFemmes et politique en tunisie
260 _bNirvana,
_c2023.
856 4 1 _uhttps://shs.cairn.info/femmes-et-politique-en-tunisie--9789938531572?lang=fr&redirect-ssocas=7080
999 _c1509351
_d1509351